Calafrio (Registo nº 1194)

Detalhes MARC
000 -Etiqueta do registo
Cabeçalho 00621nam0a2200229 4500
005 - Identificador da versão
Campo de controlo 20240813121828.0
010 ## - Número internacional normalizado dos livros (ISBN)
Número (ISBN) 9728993242
100 ## - Dados gerais de processamento
Dados gerais de processamento 20160628d2006 m y0pory5003 ba
102 ## - Pais de publicação ou produção
País de publicação Portugal
101 1# - Língua de publicação
Língua do texto, banda sonora, etc. Português
Língua do documento no original Inglês
215 ## - Descrição física 
Indicação específica da natureza do documento e extensão da espécie 186 p
200 1# - Titulo e menção de responsabilidade
Título próprio Calafrio
Primeira menção de responsabilidade Henry James
225 2# - Colecção 
Título próprio da colecção Pequenas grandes histórias
Indicação de volume 4
210 ## - Publicação, Distribuição, etc. 
Lugar da edição, distribuição, etc. [Lisboa]
Nome do editor, distribuidor, etc. Expresso
Data da publicação, distribuição, etc. [2006?]
606 ## - Nome comum usado como assunto
Número de registo de entrada de autoridade 0002097
Palavra de ordem Literatura americana
Subdivisão de assunto Romance
Código do sistema CA
675 ## - Classificação Decimal Universal (CDU)
Notação 821.111(73)-31
Edição 3ª ed.
Língua da edição por
700 #1 - Nome de autor-pessoa física (responsabilidade principal)
Número de registo de entrada de autoridade 0003060
Palavra de ordem James
Outra parte do nome não tomada para palavra de ordem Henry
Datas 1843-1916
966 ## - Identificação da Biblioteca
Sigla EB2,3ENM
942 ## - Elementos de entrada adicionados (Koha)
Tipo de item no Koha Livro
Exemplares
Situação do levantamento Origin of item (home branch) (coded) Biblioteca de empréstimo Código de barras Cota Circulation type (not for loan) Tipo de documento Nota do exemplar Damaged status
  Biblioteca Escolar Eng. Nuno Mergulhão Biblioteca Escolar Eng. Nuno Mergulhão BENM2182 82LE-3 JAM   Livro Sem mensagem